000 01614 a2200229 4500
001 40989
005 20260407155703.0
008 260407a1955 arg spa d
003 AR-UNSa-BCEJYS
040 _aAR-UNSa-BCEJYS
_bspa
_cAR-UNSa-BCEJYS
080 _a911.3
_xGeografía humana. Geografía de los factores culturales
245 1 0 _aLa Tierra y la evolución humana
_pintroducción geográfica a la historia
264 1 _aMéxico :
_bUnión Tipográfica Editorial Hispano-Americana (UTEHA)
_c1955
300 _axxi, 377 p.
_c23 cm.
505 _aParte Primera: Como plantear el problema. La cuestión del metódo. 1. Morfología social o geografía humana - 2. La cuestión de principio y el método de investigación. La evolución humana y la histórica - Parte Segunda: Marcos naturales y sociedades humanas. 1. El problema de las divisiones. El clima y la vida - 2. Determinación de los marcos naturales - 3. El hombre en la naturaleza: individuos o sociedades - Parte Tercera: Posibilidades y genero de vida. 1. Puntos de apoyo: montañas, llanuras y mesetas - 2. Pequeños marcos naturales: unidades insulares - 3. Noción de modo de vida. Pueblos cazadores y pescadores - 4. Pastores y agricultores, nómadas y sedentarios - Parte Cuarta: Agrupaciones políticas y agrupaciones humanas. 1. El problema de las fronteras y las regiones naturales de los estados - 2. Circulación. Vías de comunicación - 3. Las ciudades
041 _aspa
942 _cBK
590 _aniveau_biblio:m niveau_hierar:0
100 1 _aPericot Garcia, Luis
700 1 _aBataillon, Lionel
700 1 _aFebvre, Luciano
999 _c3331
_d3331